Online
Catalog

Haití : (Record no. 21774)

MARC details
000 -CABECERA
campo de control de longitud fija 01926nam a2200229 a 4500
001 - NÚMERO DE CONTROL
campo de control 000022276
005 - FECHA Y HORA DE LA ÚLTIMA TRANSACCIÓN
campo de control 20260409192348.0
008 - DATOS DE LONGITUD FIJA--INFORMACIÓN GENERAL
campo de control de longitud fija 100921s1994 ht a 001 0 spa d
040 ## - FUENTE DE LA CATALOGACIÓN
Centro catalogador/agencia de origen DO-SdBNP
Lengua de catalogación spa
Centro/agencia transcriptor BNPHU
082 ## - NÚMERO DE LA CLASIFICACIÓN DECIMAL DEWEY
Número de clasificación 327.7294
Número de documento/Ítem P622h
100 1# - ENTRADA PRINCIPAL--NOMBRE DE PERSONA
Nombre de persona Pierre-Louis, Vincent Serge,
Fechas asociadas al nombre 1959-
9 (RLIN) 46025
245 10 - MENCIÓN DE TÍTULO
Título Haití :
Resto del título protocolo estatal y servicio exterior /
Mención de responsabilidad, etc. Vincent Serge Pierre-Louis.
260 ## - PUBLICACIÓN, DISTRIBUCIÓN, ETC.
Lugar de publicación, distribución, etc. Santo Domingo :
Nombre del editor, distribuidor, etc. Nuevo Diario,
Fecha de publicación, distribución, etc. 1994.
300 ## - DESCRIPCIÓN FÍSICA
Extensión 86 p. :
Otras características físicas il. ;
Dimensiones 21 cm.
504 ## - NOTA DE BIBLIOGRAFÍA, ETC.
Nota de bibliografía, etc. Bibliografía : p. 83 -84
505 0# - NOTA DE CONTENIDO CON FORMATO
Nota de contenido con formato Primera parte :
Título Protocolo estatal --
-- Agradecimientos --
-- Dedicatoria --
-- Préambulo --
-- Introducción --
-- Aniversarios y fiestas nacionales de Haití --
-- Condecoraciones --
-- Vestimenta --
-- Los salones del Palacio Nacional --
-- Conclusiones --
Información miscelánea Segunda parte :
Título Servicio exterior --
-- Introducción --
-- El cargo de embajador --
-- El cargo de cónsul --
-- Deberes del jefe de misión --
-- Papel del agente diplomático o consular --
-- Organización de la misión --
-- Correspondecia --
-- Mantenimiento de los archivo y conservación del material y del moniteur --
-- Correspondencia y archivos --
-- De los registros --
-- Del secreto de los documentos --
-- Biblioteca de la misión --
-- Transcripción de las actas --
-- Protección a los haitianos --
-- Deberes especiales del cónsul --
-- Relaciones del agente consular con la misión diplomática --
-- Formación académica de los diplomáticos haitianos --
-- El Ministerio de Planificación y Cooperación Externa --
-- El caso de la expulsión de Cuba de la OEA --
-- Principales embajadas y consulados de Haití --
-- Diplomáticos sobresalientes --
-- Papel de la mujer --
-- Epílogo --
-- Glosario --
-- Bibliografía --
-- Bibliografía del autor.
590 ## - NOTA LOCAL (RLIN)
Nota local Inventariado, 2018/BT
651 #4 - PUNTO DE ACCESO ADICIONAL DE MATERIA--NOMBRE GEOGRÁFICO
Nombre geográfico Haití
Subdivisión general Relaciones Exteriores
9 (RLIN) 46026
650 #0 - PUNTO DE ACCESO ADICIONAL DE MATERIA--TÉRMINO DE MATERIA
Término de materia o nombre geográfico como elemento de entrada Diplomacia
9 (RLIN) 398
651 #4 - PUNTO DE ACCESO ADICIONAL DE MATERIA--NOMBRE GEOGRÁFICO
Nombre geográfico Días Festivos
Subdivisión geográfica Haití
9 (RLIN) 46027
910 ## - DATOS DE OPCIÓN DEL USUARIO (OCLC)
Datos de opción del usuario Validado. Control de calidad. MMOLINA
Holdings
Estado de retiro Estado de pérdida Restricciones de uso No para préstamo Código de colección Localización permanente Ubicación/localización actual Ubicación en estantería Fecha de adquisición Número de inventario Total de préstamos Signatura topográfica completa Código de barras Fecha visto por última vez Precio válido a partir de Tipo de ítem Koha Número de copia
      Excluido de préstamo Monografías: Libros y Folletos Patrimonio Dominicano Patrimonio Dominicano Depósito 21.09.2010 LF1   327.7294 P622h 22276-10 25.06.2020 25.06.2020 No se presta  
      Excluido de préstamo Monografías: Libros y Folletos Patrimonio Dominicano Patrimonio Dominicano Depósito 21.09.2010 LF1   327.7294 P622h 22276-20 25.06.2020 25.06.2020 No se presta e. 2

Powered by Koha